| 000 | 00407nam a22001337a 4500 | ||
|---|---|---|---|
| 082 | _a342.3 MUG | ||
| 100 | _aMughal, Munir Ahmad | ||
| 245 |
_aCivil & Criminal Remedies against Dishonour of Cheque / _cMunir Ahmad Mughal |
||
| 260 |
_aLahore : _bPopular Law Book House, _c2019. |
||
| 300 |
_a1102 p. ; _c24 cm. |
||
| 942 |
_2ddc _cBK |
||
| 999 |
_c586893 _d586893 |
||